000 00516nam a22001697a 4500
005 20251108172740.0
008 250721s2001 xx 000 0 ara d
082 1 4 _a338.87/شيخ
100 1 _aشيخ الأرض، رياح منير
_eمؤلف
245 1 0 _aأزمة الأوبك /
264 1 _aدمشق :
_bدار قتيبة،
_c2001.
300 _a450ص
650 1 7 _aمنظمة الأقطار المصدرة للبترول
650 1 7 _aالمنتجات النفطية
942 _2ddc
_cBK
999 _c87511
_d87511